书目信息 |
| 题名: |
腐朽与神奇
|
|
| 作者: | 赵世瑜 著 | |
| 分册: | ||
| 出版信息: | 长沙 湖南人民出版社 2006 |
|
| 页数: | 239页 | |
| 开本: | 23cm | |
| 丛书名: | 中国古代城市生活长卷丛书 | |
| 单 册: | ||
| 中图分类: | K249.03 | |
| 科图分类: | ||
| 主题词: | 文化史--中国--清代 | |
| 电子资源: | ||
| ISBN: | 7-5438-1316-5 | |
| 000 | 00891oam2 2200265 450 | |
| 001 | 1533138355 | |
| 005 | 20150117091245.73 | |
| 010 | @a7-5438-1316-5@dCNY29.00 | |
| 100 | @a20060426d2006 em y0chiy50 ea | |
| 101 | 0 | @achi |
| 102 | @aCN@b430000 | |
| 105 | @aa z 000yy | |
| 200 | 1 | @a腐朽与神奇@9fu xiu yu shen qi@e清代城市生活长卷@f赵世瑜著 |
| 205 | @a2版 | |
| 210 | @a长沙@c湖南人民出版社@d2006 | |
| 215 | @a239页@c图@d23cm | |
| 225 | 2 | @a中国古代城市生活长卷丛书 |
| 330 | @a本书主要分为五章,内容包括:贯穿文明史的对立、天子脚下的喧闹、高级家奴、城南旧事、八大胡同及其他、传统与地位的缩影等。 | |
| 461 | 0 | @12001 @a中国古代城市生活长卷丛书 |
| 517 | 1 | @a清代城市生活长卷@9qing dai cheng shi sheng huo chang juan |
| 606 | 0 | @a文化史@y中国@z清代 |
| 690 | @aK249.03@v5 | |
| 701 | 0 | @a赵世瑜@9zhao shi yu@4著 |
| 801 | 0 | @aCN@bTSSF@c20150117 |
| 905 | @aZUCC@dK249.03@eJY87=2 | |
| 腐朽与神奇:清代城市生活长卷/赵世瑜著.-2版.-长沙:湖南人民出版社,2006 |
| 239页:图;23cm.-(中国古代城市生活长卷丛书) |
| ISBN 7-5438-1316-5:CNY29.00 |
| 本书主要分为五章,内容包括:贯穿文明史的对立、天子脚下的喧闹、高级家奴、城南旧事、八大胡同及其他、传统与地位的缩影等。 |
| ● |
| 相关链接 |
|
|
|
|
正题名:腐朽与神奇
索取号:K249.03/JY87=2
 
预约/预借
| 序号 | 登录号 | 条形码 | 馆藏地/架位号 | 状态 | 备注 |
| 1 | 7851603 | 278516036 | 学院路分馆/ [索取号:K249.03/JY87=2] | 在馆 |